Minimum Wages Act-1948 (Record no. 3801)

MARC details
000 -LEADER
fixed length control field 00360nam a22001577a 4500
005 - DATE AND TIME OF LATEST TRANSACTION
control field 20180412160043.0
008 - FIXED-LENGTH DATA ELEMENTS--GENERAL INFORMATION
fixed length control field 160624b xxu||||| |||| 00| 0 eng d
041 ## - LANGUAGE CODE
Language code of text/sound track or separate title eng
082 ## - DEWEY DECIMAL CLASSIFICATION NUMBER
Item number 9771
Classification number 348
100 ## - MAIN ENTRY--AUTHOR NAME
Personal name Shukla, T.N.
245 ## - TITLE STATEMENT
Title Minimum Wages Act-1948
260 ## - PUBLICATION, DISTRIBUTION, ETC. (IMPRINT)
Name of publisher Books & Books
Year of publication 2009
300 ## - PHYSICAL DESCRIPTION
Number of Pages 98
650 ## - SUBJECT ADDED ENTRY--TOPICAL TERM
Topical Term Management
942 ## - ADDED ENTRY ELEMENTS (KOHA)
Koha item type Books
Holdings
Lost status Damaged status Collection code Home library Current library Shelving location Date acquired Cost, normal purchase price Full call number Accession Number Koha item type
    LAW JRU Library JRU Library SHELF-31-C 24/06/2016 90.00 348 9771 Books
    LAW JRU Library JRU Library SHELF- 68 D 24/06/2016 90.00 348 9772 Books